| 000 | 00867nam a2200217 a 4500 | ||
|---|---|---|---|
| 001 | 000035171 | ||
| 005 | 20200930074143.0 | ||
| 008 | 111025s1908 sp 000 0 spa d | ||
| 040 |
_aDO-SdBNP _bspa _cBNPHU |
||
| 082 | _axxxxx | ||
| 100 | 1 |
_aPaso, Antonio, _d(1870-1958) _960818 |
|
| 240 | 1 | 0 | _aCorría de toros |
| 245 | 1 | 3 |
_aLa corría de toros : _bzarzuela cómica en un acto, dividido en tres cuadros, original y en prosa / _cletra de los señores Paso y Jiménez Prieto ; música del maestro Federico Chueca. |
| 250 | _a3a. ed | ||
| 260 |
_aMadrid : _bSociedad de Autores Españoles, _c1908. |
||
| 300 |
_a46 p. ; _c21 cm. |
||
| 500 | _aEstrenada en el Teatro Eslava la noche del 15 de Noviembre de 1902 | ||
| 500 | _aTambién disponible en partitura | ||
| 700 | 1 |
_aJimenez-Prieto, Diego, ($dm. 1907) _960899 |
|
| 710 | 2 |
_aSociedad de Autores Españoles _960837 |
|
| 999 |
_c34662 _d34662 |
||